Indian banking (Record no. 120444)

MARC details
000 -LEADER
fixed length control field 00511nam a2200217Ia 4500
003 - CONTROL NUMBER IDENTIFIER
control field OSt
005 - DATE AND TIME OF LATEST TRANSACTION
control field 20250702163005.0
008 - FIXED-LENGTH DATA ELEMENTS--GENERAL INFORMATION
fixed length control field 210210b2016 xxu||||| |||| 00| 0 eng d
020 ## - INTERNATIONAL STANDARD BOOK NUMBER
International Standard Book Number 9788121920377
040 ## - CATALOGING SOURCE
Transcribing agency AL
041 ## - LANGUAGE CODE
Language code of text/sound track or separate title eng
082 ## - DEWEY DECIMAL CLASSIFICATION NUMBER
Classification number 332.1 NATI
100 ## - MAIN ENTRY--PERSONAL NAME
Personal name Natarajan S
9 (RLIN) 74122
245 ## - TITLE STATEMENT
Title Indian banking
260 ## - PUBLICATION, DISTRIBUTION, ETC.
Place of publication, distribution, etc. New Delhi
Name of publisher, distributor, etc. S. Chand & Co. Ltd.
Date of publication, distribution, etc. 2016
300 ## - PHYSICAL DESCRIPTION
Extent xvi,335p.
690 ## - LOCAL SUBJECT ADDED ENTRY--TOPICAL TERM (OCLC, RLIN)
Topical term or geographic name as entry element Banking
9 (RLIN) 74123
700 ## - ADDED ENTRY--PERSONAL NAME
Personal name Parameswaran R
9 (RLIN) 74124
906 ## - LOCAL DATA ELEMENT F, LDF (RLIN)
a 071053
942 ## - ADDED ENTRY ELEMENTS (KOHA)
Source of classification or shelving scheme Dewey Decimal Classification
Koha item type Book
Holdings
Withdrawn status Lost status Source of classification or shelving scheme Damaged status Not for loan Collection code Home library Current library Date acquired Source of acquisition Cost, normal purchase price Total Checkouts Full call number Barcode Date last seen Date last checked out Price effective from Koha item type Shelving location
    Dewey Decimal Classification   Reference Book Commerce St Aloysius Library St Aloysius Library 02/17/2021 Biblios Book Point, Surathkal-575014 230.00 1 332.1 NATI 071057 07/25/2022 03/10/2022 02/17/2021 Reference  
    Dewey Decimal Classification     Commerce St Aloysius Library St Aloysius Library 02/17/2021 Biblios Book Point, Surathkal-575014 230.00 2 332.1 NATI 071056 07/21/2025 07/11/2025 02/17/2021 Book Stack Section
    Dewey Decimal Classification     Commerce St Aloysius Library St Aloysius Library 02/17/2021 Biblios Book Point, Surathkal-575014 230.00 4 332.1 NATI 071055 04/05/2025 12/09/2024 02/17/2021 Book  
    Dewey Decimal Classification     Commerce St Aloysius Library St Aloysius Library 02/17/2021 Biblios Book Point, Surathkal-575014 230.00 2 332.1 NATI 071054 05/03/2024 01/06/2024 02/17/2021 Book  
    Dewey Decimal Classification     Commerce St Aloysius Library St Aloysius Library 02/17/2021 Biblios Book Point, Surathkal-575014 230.00 2 332.1 NATI 071053 02/15/2024 02/09/2024 02/17/2021 Book